000 00510nam a2200169Ia 4500
999 _c21893
_d21893
003 OSt
005 20201204145125.0
008 190216s9999||||xx |||||||||||||| ||und||
040 _coclc
082 _a954.83
_bGAN/K
100 _aGangadharan, T K
_91824
245 0 _aKeralam Charitravum Samskaravum /
_cT K Gangadharan
260 _bCalicut University Central Co-Operative,
_c2000.
_aCalicut:
300 _a484p
650 _aHistory
942 _cBK
_2ddc
_h954.83
_iGAN/K
_k954.83
_mGAN/K